000 00743nam a22001817a 4500
005 20180731115516.0
010 _aB-701138
020 _a9781107644403
_c475.00
035 _aB-701138
037 _bRK Books
_adpl
082 _a488.24076
245 _aCambridge IELTS 9:
_bauthentic examination papers from Cambridge ESOL /
260 _aNew Delhi
_bCambridge University Press
_c2016
270 _aCambridge House,4381/4,Ansari Road,Daryaganj,
_bNew Delhi
_e110002
300 _a176p
_c24cm(pbk)
_e+CD-Rom
_bill
942 _2ddc
_cEN
_mCAM
_h488.24076
999 _c155185
_d155185